|
|
|
|
| LEADER |
01037cam a2200217 a 4500 |
| 001 |
10078030 |
| 003 |
GR-PaULI |
| 005 |
20211103135546.0 |
| 008 |
060307s1999 gr f 1 gre d |
| 952 |
|
|
|0 0
|1 0
|2 ddc
|4 0
|6 489_330000000000000_ΜΙΧ
|7 0
|9 330039
|a LISP
|b LISP
|c DON
|d 2021-11-03
|e ΠΑΤ
|i 146735
|l 0
|o 489.33 ΜΙΧ
|p 025000273228
|r 2021-11-03 00:00:00
|t 1
|w 2021-11-03
|y BKN
|
| 999 |
|
|
|c 184726
|d 184726
|
| 020 |
|
|
|a 9601793988
|
| 040 |
|
|
|a GR-PaULI
|b gre
|c GR-PaULI
|d
|e AACR2
|
| 082 |
1 |
4 |
|a 489.33
|2 23
|
| 100 |
1 |
|
|9 144143
|a Μιχαηλίδης - Κριναίος, Μπάμπης
|e συγγραφέας.
|
| 245 |
1 |
3 |
|a Το μυθιστόρημα αμφισβήτησης και η ρήξη του λογοτεχνικού ιστού /
|b
|c Μπάμπης Μιχαηλίδης.
|
| 260 |
|
|
|a Αθήνα :
|b Δωρικός,
|c 1999.
|
| 300 |
|
|
|a 362 σ. ;
|c 24 εκ.
|
| 650 |
|
4 |
|a Νεοελληνικό μυθιστόρημα
|x Ιστορία και κριτική
|9 168779
|y 20ός αιώνας.
|
| 942 |
|
|
|2 ddc
|c BKN
|
| 998 |
|
|
|c ΜΠΟΥΡΑΣ
|d 2021-11
|